000 00320nam a22001457a 4500
008 210511b ||||| |||| 00| 0 eng d
020 _a9780764155482
041 _aeng
080 _a7
082 _a7
100 _a44
101 _aART
245 _aCharcoal, Sanguine, Crayon and Chalk
_cBarron's
942 _2udc
_cBK
999 _c57145
_d57145